000 00685nam a2200253Ia 4500
003 OSt
005 20221007082305.0
006 a|||||r|||| 00| 0
007 ta
008 221006b |||||||| |||| 00| 0 eng d
024 _a15,836
037 _cReports / Technical Reports
040 _aFLL
_cFLL
_beng
041 _2eng
_aeng
082 _aX72.2.N73t, L5.1
110 _aGovt of india
245 0 _aLok sabha select committee on the raxation laws (amendment) bill, 1973
260 _c1975
300 _a597p
_ccm.
490 _vVol.1
700 _aGovt of india
942 _hX72.2.N73t, L5.1
_cREP
_2CC
999 _c1165943
_d1165943